Normal view MARC view
  • Chartered Management Institute

Entry Corporate Name

Number of records used in: 1

001 - CONTROL NUMBER

  • control field: 5072

003 - CONTROL NUMBER IDENTIFIER

  • control field: SIRSI

005 - DATE AND TIME OF LATEST TRANSACTION

  • control field: 20190806150240.0

008 - FIXED-LENGTH DATA ELEMENTS

  • fixed length control field: 061026n| aaannaabn |n ana d

040 ## - CATALOGING SOURCE

  • Original cataloging agency: OSt
  • Transcribing agency: OSt

110 2# - HEADING--CORPORATE NAME

  • Corporate name or jurisdiction name as entry element: Chartered Management Institute

670 ## - SOURCE DATA FOUND

  • Source citation: Business Continuity Management, 2006